000 01027nam a2200301 a 4500
001 42249
003 BD-RjUL
005 20211209053519.0
008 160611s1985 nyu b 001 0 eng
020 _a0030708397 (pbk.)
035 _a(BD-RjUL)42367
040 _aDLC
_cDLC
_dDLC
_d(BD-RjUL)
_beng
041 _aeng
082 0 0 _a353.0089
_219
_bSPA 1985
100 1 _aSpanier, John W.
_9129932
245 1 0 _aAmerican foreign policy making and the democratic dilemmas /
_cJohn Spanier, Eric M. Uslaner.
250 _a4th ed.
260 _aNew York :
_bHolt, Rinehart and Winston,
_cc1985.
300 _aix, 290 p. ;
_c24 cm.
500 _aRev. ed. of: How American foreign policy is made. 2nd ed. 1978.
500 _aIncludes index.
504 _aBibliography: p. [263]-279.
651 0 _aUnited States
_xForeign relations administration.
_9129252
700 1 _aUslaner, Eric M.
_9128732
700 1 _aSpanier, John W.
_tHow American foreign policy is made.
_9129933
942 _2ddc
_cBK
999 _c42249
_d42249